Big Brother 2024 UK - Statistics

General Stats
  • This quiz has been taken 37 times
  • The average score is 13 of 16
Answer Stats
Age From Occupation Answer % Correct
38 London Forensic Psychologist Ali
96%
20 Warrington Chinese Takeaway Server Lily
96%
53 Altrincham Aesthetics Business Owner Emma
92%
24 West London HR Consultant Hannah
92%
29 Cornwall Dental Assistant Rosie
92%
24 Dumfries Pork Salesman Nathan
88%
24 London Climate Activist Daze
84%
34 East London Youth Mentor Marcello
84%
28 Stockport Marketing and Events Ryan
84%
20 Carlisle Amputee Footballer Thomas
84%
35 East London Barber Dean
80%
26 Scarborough NHS Administrator Martha
80%
27 Shrewsbury Spa Account Manager Sarah
80%
25 Watford Charity Videographer Segun
80%
23 Manchester Sales Manager Khaled
76%
29 Swansea Sales Consultant Izaaz
44%
No matching quizzes found
Score Distribution
Percent of People with Each Score
Percentile by Number Answered
Your Score History
You have not taken this quiz